Management accounting

Guardado en:
Detalles Bibliográficos
Autor principal: Jones, Michael
Formato: Libro
Lenguaje:inglés
Publicado: Chichester John Wiley & Sons, Ltd 2006
Materias:
Etiquetas: Agregar Etiqueta
Sin Etiquetas, Sea el primero en etiquetar este registro!

MARC

LEADER 00000nam$a2200000$$$4500
001 0106315
005 20240311125315.1
020 |a 978-0-470-05770-4 
020 |a 0-470-05770-X 
041 0 |a eng 
044 |a GB 
245 1 0 |a Management accounting  |c Michael Jones 
264 1 |a Chichester  |b John Wiley & Sons, Ltd  |c 2006 
300 |a xviii, 279 s. 
610 2 0 |a účtovníctvo 
610 2 0 |a účtovníctvo finančné 
610 2 0 |a manažment 
610 2 0 |a manažment strategický 
610 2 0 |a náklady 
610 2 0 |a kalkulácia 
610 2 0 |a plánovanie 
610 2 0 |a rozpočtovníctvo 
610 2 0 |a rozpočty 
610 2 0 |a rozhodovanie 
610 2 0 |a investovanie 
610 2 0 |a zdroje finančné 
610 2 0 |a financovanie 
610 2 0 |a kapitál 
100 1 |a Jones, Michael